| 000 | 00598nam a2200181Ia 4500 | ||
|---|---|---|---|
| 008 | 100920s9999 xx 000 0 und d | ||
| 082 |
_b25984 _a28 व 51 थ 71 |
||
| 100 | _aसावरकर पद्रमाकर कृष्ण. | ||
| 245 | _aमहात्मा. | ||
| 260 |
_bपद्मजा प्रकाशन,नासिक. _c1971 |
||
| 300 |
_a91 _bसाधी |
||
| 365 | _b3 | ||
| 520 | _aबा. वि चरित्र. | ||
| 630 | _aमहात्मा. | ||
| 650 | _aबा. वि चरित्र. | ||
| 730 | _aमहात्मा. | ||
| 942 | _cBOOK | ||
| 999 |
_c683561 _d683558 |
||